ARRUPE JESUIT UNIVERSITY

CORONAVIRUS -STOP THE SPREAD - CLEAN,DISINFECT,COVER

Contradiction and dilemma: (Record no. 5285)

MARC details
000 -LEADER
fixed length control field 01103cam a2200301 4500
001 - CONTROL NUMBER
control field 379387
005 - DATE AND TIME OF LATEST TRANSACTION
control field 20170823100954.0
008 - FIXED-LENGTH DATA ELEMENTS--GENERAL INFORMATION
fixed length control field 721115s1972 nyu b 001 0beng
010 ## - LIBRARY OF CONGRESS CONTROL NUMBER
LC control number 78158738
020 ## - INTERNATIONAL STANDARD BOOK NUMBER
International Standard Book Number 082320930X
040 ## - CATALOGING SOURCE
Original cataloging agency DLC
Transcribing agency DLC
Modifying agency DLC
043 ## - GEOGRAPHIC AREA CODE
Geographic area code n-us---
050 00 - LIBRARY OF CONGRESS CALL NUMBER
Classification number B908.B64
Item number G53
082 00 - DEWEY DECIMAL CLASSIFICATION NUMBER
Classification number 191
100 1# - MAIN ENTRY--PERSONAL NAME
Personal name Gilhooley, Leonard.
9 (RLIN) 35075
245 10 - TITLE STATEMENT
Title Contradiction and dilemma:
Remainder of title Orestes Brownson and the American idea.
260 ## - PUBLICATION, DISTRIBUTION, ETC. (IMPRINT)
Place of publication, distribution, etc New York,
Name of publisher, distributor, etc Fordham University Press,
Date of publication, distribution, etc 1972.
300 ## - PHYSICAL DESCRIPTION
Extent xv, 231 p.
Dimensions 24 cm.
350 ## - PRICE (NR) (BK AM CF MU VM SE) [OBSOLETE]
Price $10.00
504 ## - BIBLIOGRAPHY, ETC. NOTE
Bibliography, etc Bibliography: p. 223-226.
600 10 - SUBJECT ADDED ENTRY--PERSONAL NAME
Personal name Brownson, Orestes Augustus,
Dates associated with a name 1803-1876.
9 (RLIN) 35073
650 #0 - SUBJECT ADDED ENTRY--TOPICAL TERM
Topical term or geographic name as entry element National characteristics, American.
9 (RLIN) 20386
651 #0 - SUBJECT ADDED ENTRY--GEOGRAPHIC NAME
Geographic name United States
General subdivision History
-- Philosophy.
9 (RLIN) 35076
856 42 - ELECTRONIC LOCATION AND ACCESS
Materials specified Publisher description
Uniform Resource Identifier <a href="http://www.loc.gov/catdir/enhancements/fy0730/78158738-d.html">http://www.loc.gov/catdir/enhancements/fy0730/78158738-d.html</a>
856 42 - ELECTRONIC LOCATION AND ACCESS
Materials specified Contributor biographical information
Uniform Resource Identifier <a href="http://www.loc.gov/catdir/enhancements/fy0733/78158738-b.html">http://www.loc.gov/catdir/enhancements/fy0733/78158738-b.html</a>
906 ## - LOCAL DATA ELEMENT F, LDF (RLIN)
a 7
b cbc
c orignew
d 2
e ncip
f 19
g y-gencatlg
942 ## - ADDED ENTRY ELEMENTS (KOHA)
Source of classification or shelving scheme Library of Congress Classification
Item type Monograph ( Printed materials)
Holdings
Withdrawn status Lost status Source of classification or shelving scheme Damaged status Not for loan Collection code Home library Current library Shelving location Date acquired Total Checkouts Full call number Barcode Date last seen Copy number Price effective from Koha item type
    Library of Congress Classification     Main Collection ARRUPE LIBRARY ARRUPE LIBRARY   27/02/2013   B908.B64G53 46406789 27/02/2013 1 27/02/2013 Monograph ( Printed materials)

 

Arrupe Library. PO Box MP320 Mt Pleasant, Harare, Zimbabwe
263 242 745411|librarian@aju.ac.zw